Statistiques concernant Motifs CFD et Py (arbitrage foot)

Cliquez ici pour prendre le quiz!

Statistiques générales

  • Ce quiz a été pris 6 fois
  • Le résultat moyen est 5 sur 12

Statistiques - réponses

HintRéponse% Correct
1.Charger un adversaire
100%
4.Bousculer un adversaire
67%
8.Commettre une main
67%
5.Frapper (ou essayer de frapper) un adversaire
67%
2.Sauter sur un adversaire
67%
9.Tenir (ou retenir) un adversaire
67%
10.Faire obstacle à la progression d'un adversaire avec contact
33%
7.Faire (ou essayer de faire) trébucher un adversaire
33%
6.Tacler un adversaire ou lui disputer le ballon
33%
3.Donner (ou essayer de donner) un coup de pied à l'adversaire
0%
12.Lancer (ou botter) un objet sur/vers le ballon, un adversaire ou un arbitre, ou toucher le ballon avec un objet tenu à la main
0%
11.Mordre ou cracher sur/vers quelqu'un inscrit sur la liste de départ
0%

Distribution des résultats

Percentile par nombre de réponses

% des personnes avec chaque résultat

Votre développement - résultats

Vous n’avez pas pris ce quiz